00237nam a2200097Ia 4500008004000000082001800040100001600058245002000074260003400094300001100128210210b1990 xxu||||| |||| 00| 0 eng d a306.0954 DUBI aDUBE (S C). aIndian society. aNDbNational Book Trustc1990 avi,131